000
00372nam a2200133Ia 4500
008
100328s9999 xx 000 0 und d
082
_b
11453
100
_a
ढसाळ नामदेव लक्ष्मण
245
_a
गोलपिठा
260
_b
आरााना
630
_a
गोलपिठा
730
_a
गोलपिठा
942
_c
BOOK
999
_c
506774
_d
506771